LEADER 00819nam0-2200289 --450 001 9910720693703321 005 20230529163621.0 010 $a978-88-491-2831-4 100 $a20230529d2007----kmuy0itay5050 ba 101 1 $aita$cger 102 $aIT 105 $a 001yy 200 1 $aFuturo passato$eper una semantica dei tempi storici$fReinhart Koselleck 210 $aBologna$cClueb$d2007 215 $aVIII, 331 p.$d21 cm 225 1 $aPassato futuro$v3 300 $aTraduzione di Anna Marietti Solmi 610 0 $aStoria$aConcetto 676 $a901$v23$zita 700 1$aKoselleck,$bReinhart$0126804 801 0$aIT$bUNINA$gREICAT$2UNIMARC 901 $aBK 912 $a9910720693703321 952 $a901 KOSR 02$b2023/736$fFLFBC 959 $aFLFBC 996 $aFuturo passato$994578 997 $aUNINA